| 000 | 00445nam a2200157 i 4500 | ||
|---|---|---|---|
| 001 | 84568 | ||
| 003 | ES-MaACL | ||
| 005 | 20230906175035.0 | ||
| 007 | t| | ||
| 008 | 041123s1979 sp ||||1| spa d | ||
| 100 | 1 |
_aJanés i Olivé, Josep. _966016 |
|
| 245 | 1 | 0 |
_aPoesía _b: 1934-1959 / _cJosep Janés i Olivé. |
| 260 |
_a[Barcelona] : _bPlaza & Janés, _c[1979] |
||
| 300 |
_a96 p. : _bil. ; _c19 cm. |
||
| 852 |
_aES-MaACL _jA-10679 _bR.99825 |
||
| 999 |
_c84568 _d84568 |
||